Normal view
MARC view
- The legislation of morality: law, drugs, and moral judgment
Entry Topical Term
001 - CONTROL NUMBER
- control field: 110329
003 - CONTROL NUMBER IDENTIFIER
- control field: NUST
005 - DATE AND TIME OF LATEST TRANSACTION
- control field: 20230315135323.0
008 - FIXED-LENGTH DATA ELEMENTS
- fixed length control field: 230315|| aca||aabn | a|a d
040 ## - CATALOGING SOURCE
- Original cataloging agency: NUST
- Transcribing agency: NUST
150 ## - HEADING--TOPICAL TERM
- Topical term or geographic name entry element: The legislation of morality: law, drugs, and moral judgment
670 ## - SOURCE DATA FOUND
- Source citation: Work cat.: (NUST)184818: Duster, Troy. 110328, The legislation of morality:, 1970
